| 000 | 01635cam a2200313 a 4500 | ||
|---|---|---|---|
| 999 |
_c127294 _d127294 |
||
| 001 | 15404464 | ||
| 003 | ARRUPE | ||
| 005 | 20171213085307.0 | ||
| 008 | 080808s2009 inu b 001 0 eng | ||
| 010 | _a 2008035177 | ||
| 020 | _a9781587318610 (hardcover : alk. paper) | ||
| 020 | _a158731861X (hardcover : alk. paper) | ||
| 035 | _a(OCoLC)ocn213400929 | ||
| 040 |
_aDLC _cDLC _dYDXCP _dBTCTA _dBAKER _dC#P _dDLC |
||
| 041 | 1 |
_aeng _hfre |
|
| 050 | 0 | 0 |
_aB2430.M252 _bE5 2009 |
| 100 | 1 |
_aMarcel, Gabriel, _d1889-1973. _94472 |
|
| 240 | 1 | 0 |
_aTu ne mourras pas. _lEnglish |
| 245 | 1 | 0 |
_aThou shall not die / _cby Gabriel Marcel ; selected and arranged by Anne Marcel ; translated by Katharine Rose Hanley ; introduced by Xavier Tilliette. |
| 260 |
_aSouth Bend, Ind. : _bSt. Augustine's Press, _c2009. |
||
| 300 |
_axiv, 74 p. ; _c19 cm. |
||
| 504 | _aIncludes bibliographical references and index. | ||
| 600 | 1 | 0 |
_aMarcel, Gabriel, _d1889-1973 _vQuotations. _938193 |
| 700 | 1 |
_aMarcel, Anne. _938194 |
|
| 856 | 4 | 1 |
_3Table of contents only _uhttp://www.loc.gov/catdir/toc/ecip0826/2008035177.html |
| 906 |
_a7 _bcbc _corignew _d1 _eecip _f20 _gy-gencatlg |
||
| 942 |
_2lcc _cMONOGRAPH |
||